000 02072nam0a2200373 4500
001 RU\NLR\BIBL_A\011746389
005 20180917132302.0
010 _a978-5-88994-116-3
_9300
021 _aRU
_bКН-П-18-3029
_9КН-П-18-041911
035 _a(NLR Aleph) 011746389
035 _a(RuMoRGB)009655872
090 _a11605144
_c11605144
100 _a20180710d2017 k y0rusy50 ca
101 0 _aeng
102 _aRU
105 _aa z 000zy
200 1 _aRussian Arctic geotransects
_e(results of geological and geophysical studies)
_f[authors: V. A. Poselov, G. P. Avetisov, I. A. Andreeva et al.]
_gscience editors: V. A. Poselov, G. P. Avetisov
_gMinistry of natural resources and environment of the Russian Federation, Russian federal subsurface resources agency (Rosnedra), Federal state budgetary institution "Academician I. S. Gramberg all-Russian scientific research institute for geology and mineral resources of the ocean (FSBI "VNIIOkeangeologia")
210 _aSt. Petersburg
_cFSBI "VNIIOkeangeologia"
_d2017
215 _a179, [1] с.
_cцв. ил.
_d30
300 _aАвт. указаны на обороте тит. л.
320 _aБиблиогр. в конце кн.
606 1 _aГеолого-геофизические исследования
_yАрктические моря
_yРоссийская Федерация
_2nlr_sh2
_3RU\NLR\AUTH\6601575121
686 1 _aД549(912)
686 1 _aД219(912)
701 1 _aPoselov
_bV. A.
_gViktor Antonovič
_4070
_4340
701 1 _aAvetisov
_bG. P.
_gGeorgij Parujrovič
_3RU\NLR\AUTH\7793822
701 1 _aAndreeva
_bI.A.
_gIrina Aleksandrovna
712 0 2 _aI. S. Gramberg All-Russian scientific research institute for geology and mineral resources of the ocean
_cSaint-Petersburg
_3RU\NLR\AUTH\880461611
_4570
830 _aРезультаты геолого-геофизических исследований морей российской Арктики
942 _cBOOK
980 _aNB